|
003 -Nazwa inst., której nr kontr. jest w polu 001 [,]
|
-
- @
- Nazwa instytucji, której n kontrolny jest w polu 001
- NUKAT
|
|
005 -DATA I CZAS OSTATNIEJ MODYFIKACJI [,]
|
-
- @
- pole kontrolne
- 20241231103215.0
|
|
020 -Międzynarod. znormalizowany nr książki - ISBN [ , ]
|
-
- a
- Numer ISBN
- 9788388953255
|
|
040 -Instytucja sporządzająca opis [ , ]
|
-
- a
- Instytucja, która sporządziła opis (NP)
- WA U/88GRY
-
- c
- Instytucja, która sporządziła rekord (NP)
- WA U/GRY
-
- d
- Instytucja, która zmodyfikowała rekord (P)
- WA U/88GRY
-
- d
- Instytucja, która zmodyfikowała rekord (P)
- WA U/8OBs
-
- d
- Instytucja, która zmodyfikowała rekord (P)
- WA M/AH
|
|
041 -Język dokumentu [0, ]
|
-
- a
- Język tekstu (P)
- polski
-
- b
- Język streszczeń lub abstraktu (P)
- angielski
-
- b
- Język streszczeń lub abstraktu (P)
- polski
|
|
942 -Rodzaj dokumentu [ , ]
|
-
- c
- Rodzaj dokumentu
- Książka
|
|
245 -Strefa tytułu i oznaczenia odpowiedzialności [1,0]
|
-
- a
- Tytuł
- Perspektywy rozwoju podejścia procesowego :
-
- b
- Ciąg dalszy tytułu (NP)
- szanse i ograniczenia /
-
- c
- Pozostałe elementy strefy tytułu i oznaczenia odpowiedzialności (NP)
- redakcja naukowa Agnieszka Bitkowska i Elżbieta Weiss ; autorzy Bińkiewicz Damian, Bitkowska Agnieszka, Chruściel Tadeusz Jakub, Dawidowicz Marcin, Dobrołowicz Michał, Druś Agnieszka, Gutbier Katarzyna, Gzik Tomasz, Ivanov Oleksandr, Kobiałka Karolina, Kuc Bolesław Rafał, Łabuś Magdalena, Ługowska Magdalena, Łukasik Renata, Olesiński Zbigniew, Sielska Sylwia, Szelągowski Marek, Szkutnik Jerzy, Tyszkiewicz Rafał, Urbańska Agata Kinga, Weiss Elżbieta, Wojciechowski Wiesław, Wójcik Grażyna Paulina, Ziółkowska Bogusława, Zygmunciak Paulina ; [Wyższa Szkoła Finansów i Zarządzania w Warszawie].
|
|
260 -Strefa adresu wydawniczego [ , ]
|
-
- a
- Miejsce wydania (P)
- Warszawa :
-
- b
- Nazwa wydawcy (P)
- Vizja Press & IT,
-
|
|
700 -Hasło dodatkowe - nazwa osobowa [1, ]
|
-
- a
- Nazwa osobowa (NP)
- Bitkowska, Agnieszka Anna.
-
- e
- Określenie rodzaju współpracy
- Red.
-
|
|
700 -Hasło dodatkowe - nazwa osobowa [1, ]
|
-
- a
- Nazwa osobowa (NP)
- Weiss, Elżbieta.
-
- e
- Określenie rodzaju współpracy
- Red.
-
|
|
700 -Hasło dodatkowe - nazwa osobowa [1, ]
|
-
- a
- Nazwa osobowa (NP)
- Chruściel, Tadeusz Jakub.
-
|
|
700 -Hasło dodatkowe - nazwa osobowa [1, ]
|
-
- a
- Nazwa osobowa (NP)
- Dawidowicz, Marcin
-
- d
- Daty biograficzne (NP)
- (1967- ).
-
|
|
700 -Hasło dodatkowe - nazwa osobowa [1, ]
|
-
- a
- Nazwa osobowa (NP)
- Kuc, Bolesław Rafał
-
- d
- Daty biograficzne (NP)
- (1944-2022).
-
|
|
700 -Hasło dodatkowe - nazwa osobowa [1, ]
|
-
- a
- Nazwa osobowa (NP)
- Olesiński, Zbigniew
-
- d
- Daty biograficzne (NP)
- (1947- ).
-
|
|
700 -Hasło dodatkowe - nazwa osobowa [1, ]
|
-
- a
- Nazwa osobowa (NP)
- Sielska, Sylwia.
-
|
|
700 -Hasło dodatkowe - nazwa osobowa [1, ]
|
-
- a
- Nazwa osobowa (NP)
- Szelągowski, Marek.
-
|
|
700 -Hasło dodatkowe - nazwa osobowa [1, ]
|
-
- a
- Nazwa osobowa (NP)
- Szkutnik, Jerzy.
-
|
|
700 -Hasło dodatkowe - nazwa osobowa [1, ]
|
-
- a
- Nazwa osobowa (NP)
- Tyszkiewicz, Rafał.
-
|
|
700 -Hasło dodatkowe - nazwa osobowa [1, ]
|
-
- a
- Nazwa osobowa (NP)
- Wojciechowski, Wiesław
-
- c
- Dopowiedzenie inne niż daty biograficzne (NP)
- (zarządzanie).
-
|
|
700 -Hasło dodatkowe - nazwa osobowa [1, ]
|
-
- a
- Nazwa osobowa (NP)
- Wójcik, Grażyna P.
-
|
|
700 -Hasło dodatkowe - nazwa osobowa [1, ]
|
-
- a
- Nazwa osobowa (NP)
- Ziółkowska, Bogusława Regina.
-
|
|
700 -Hasło dodatkowe - nazwa osobowa [1, ]
|
-
- a
- Nazwa osobowa (NP)
- Dobrołowicz, Michał.
-
|
|
700 -Hasło dodatkowe - nazwa osobowa [1, ]
|
-
- a
- Nazwa osobowa (NP)
- Druś, Agnieszka.
-
|
|
700 -Hasło dodatkowe - nazwa osobowa [1, ]
|
-
- a
- Nazwa osobowa (NP)
- Gutbier, Katarzyna.
-
|
|
700 -Hasło dodatkowe - nazwa osobowa [1, ]
|
-
- a
- Nazwa osobowa (NP)
- Gzik, Tomasz.
-
|
|
700 -Hasło dodatkowe - nazwa osobowa [1, ]
|
-
- a
- Nazwa osobowa (NP)
- Ivanov, Oleksandr.
-
|
|
700 -Hasło dodatkowe - nazwa osobowa [1, ]
|
-
- a
- Nazwa osobowa (NP)
- Kobiałka, Karolina.
-
|
|
700 -Hasło dodatkowe - nazwa osobowa [1, ]
|
-
- a
- Nazwa osobowa (NP)
- Łabuś, Magdalena.
-
|
|
700 -Hasło dodatkowe - nazwa osobowa [1, ]
|
-
- a
- Nazwa osobowa (NP)
- Ługowska, Magdalena.
-
|
|
700 -Hasło dodatkowe - nazwa osobowa [1, ]
|
-
- a
- Nazwa osobowa (NP)
- Łukasik, Renata
-
- d
- Daty biograficzne (NP)
- (1971- ).
-
|
|
700 -Hasło dodatkowe - nazwa osobowa [1, ]
|
-
- a
- Nazwa osobowa (NP)
- Urbańska, Agata Kinga.
-
|
|
700 -Hasło dodatkowe - nazwa osobowa [1, ]
|
-
- a
- Nazwa osobowa (NP)
- Zygmunciak, Paulina.
-
|
|
710 -Hasło dodatkowe - nazwa ciała zbiorowego [2, ]
|
-
- a
- Nazwa ciała zbiorowego lub nazwa geograficzna jako pierwszy element (NP)
- Vizja Press & IT.
-
-
|
|
710 -Hasło dodatkowe - nazwa ciała zbiorowego [2, ]
|
-
- a
- Nazwa ciała zbiorowego lub nazwa geograficzna jako pierwszy element (NP)
- Wyższa Szkoła Finansów i Zarządzania (Warszawa).
-
|